=LDR 00000nam 2200000 4500 =001 INLIS000000000019567 =005 20130612114618 =008 ***********************************Ind** =035 ##$$0010-061300000019567 =041 ##$$a Ind =082 ##$$a 028.5 =090 ##$$a 028.5, War h =100 ##$$a Wardhana, Eka =245 ##$$a Hamzah bin Abdul Muthalib, Eka Wardhana =260 ##$$a 2004 $b Bandung =300 ##$$a 27 hlm, ilus, 15 cm =650 ##$$a Bacaan kanak-kanak =850 ##$$a NBPNMAT